00478nam a22001457a 4500003000500000038001800005082000800023100002500031245010200056264003700158300001300195650003000208700003700238856005700275NUST aNusrat Nadeem a200 aHashmi, Umme Farwah  aReconfigurable Reflectarray Based on Field Programmable Microwave Substrate /cUmme Farwah Hashmi aIslamabad :bSEECS, NUST,c2022. a105 p. ; aMS-Electrical Engineering aSupervisor: Dr. Hammad M. Cheema uhttp://10.250.8.41:8080/xmlui/handle/123456789/30007